000 00657cam a22002411 4500
001 2726465
003 BD-DhUL
005 20170207161910.0
008 690305s1968 enk 000 1 eng
010 _a 77368357
015 _aB68-19898
040 _aDLC
_cDLC
_dDLC
_dBD-DhUL
050 0 0 _aPZ4.B3657
_bLas3
_aPS3552.E13
082 0 0 _a823
_bBEL
100 1 _aBeagle, Peter S.
245 1 4 _aThe last unicorn /
260 _aLondon :
_aSydney :
_bBodley Head,
_c1968.
300 _a218 p. :
_c21 cm.
650 0 _aUnicorns
_xFiction.
655 7 _aFantastic fiction.
_2gsafd
906 _a7
_bcbc
_corignew
_du
_encip
_f19
_gy-gencatlg
942 _2ddc
_cBK
999 _c156585
_d156585